Advanced Calculus of Several Variables (Record no. 7746)

MARC details
000 -LEADER
fixed length control field 01068pam a2200289 a 4500
001 - CONTROL NUMBER
control field 1597223
003 - CONTROL NUMBER IDENTIFIER
control field OSt
005 - DATE AND TIME OF LATEST TRANSACTION
control field 20231002093419.0
008 - FIXED-LENGTH DATA ELEMENTS--GENERAL INFORMATION
fixed length control field 941003r19941973nyua b 001 0 eng
010 ## - LIBRARY OF CONGRESS CONTROL NUMBER
LC control number 94024204
020 ## - INTERNATIONAL STANDARD BOOK NUMBER
International Standard Book Number 0486683362 (pbk.)
040 ## - CATALOGING SOURCE
Original cataloging agency DLC
Transcribing agency DLC
Modifying agency DLC
050 00 - LIBRARY OF CONGRESS CALL NUMBER
Classification number QA303
Item number .E22 1994
082 00 - DEWEY DECIMAL CLASSIFICATION NUMBER
Classification number 515.84EDW 1994
100 1# - MAIN ENTRY--PERSONAL NAME
Personal name Edwards, C. Henry
9 (RLIN) 766
245 10 - TITLE STATEMENT
Title Advanced Calculus of Several Variables
260 ## - PUBLICATION, DISTRIBUTION, ETC. (IMPRINT)
Place of publication, distribution, etc. New York;
Name of publisher, distributor, etc. Dover Publications,
Date of publication, distribution, etc. 1994.
300 ## - PHYSICAL DESCRIPTION
Extent x, 457 p. :
Other physical details ill. ;
Dimensions 24 cm.
440 #0 - SERIES STATEMENT/ADDED ENTRY--TITLE
Title Dover books on advanced mathematics
9 (RLIN) 15801
500 ## - GENERAL NOTE
General note Originally published: New York : Academic Press, 1973.
504 ## - BIBLIOGRAPHY, ETC. NOTE
Bibliography, etc Includes bibliographical references (p. [449-451) and index.
650 #0 - SUBJECT ADDED ENTRY--TOPICAL TERM
Topical term or geographic name as entry element Calculus.
9 (RLIN) 764
856 42 - ELECTRONIC LOCATION AND ACCESS
Materials specified Publisher description
Uniform Resource Identifier http://www.loc.gov/catdir/description/dover032/94024204.html
906 ## - LOCAL DATA ELEMENT F, LDF (RLIN)
a 7
b cbc
c orignew
d 1
e ocip
f 19
g y-gencatlg
942 ## - ADDED ENTRY ELEMENTS (KOHA)
Source of classification or shelving scheme Dewey Decimal Classification
Koha item type Open Shelf
Holdings
Withdrawn status Lost status Source of classification or shelving scheme Damaged status Not for loan Home library Current library Date acquired Source of acquisition Inventory number Total Checkouts Full call number Barcode Date last seen Price effective from Koha item type
    Dewey Decimal Classification     MUST Main Library MUST Main Library 28/02/2022 Purchase 06/28308   515.84EDW 1994 2022-0312 28/02/2022 28/02/2022 Open Shelf
    Dewey Decimal Classification     MUST Main Library MUST Main Library 28/02/2022 Purchase 06/28137   515.84EDW 1994 2022-0313 28/02/2022 28/02/2022 Open Shelf